000 01317nam a2200193 a 4500
005 20260304121105.0
008 260227s2026##################000#0#eng##
020 _a9780521849845
_qhbk
041 _aeng
082 0 4 _a321.8
_bREH
100 _aRehfeld Andrew
245 1 0 _aThe Concept Of Constituency: Political Representation, Democratic Legitimacy, And Institutional Design
_c/ Andrew Rehfeld
260 _bCambridge Univ Pr
_c2005.
300 _a259p,;
_c20 cm.
504 _aindex
520 _aIn virtually every democratic nation in the world, political representation is defined by where citizens live. In the United States, for example, Congressional Districts are drawn every 10 years as lines on a map. Why do democratic governments define political representation this way? Are territorial electoral constituencies commensurate with basic principles of democratic legitimacy? And why might our commitments to these principles lead us to endorse a radical alternative: randomly assigning citizens to permanent, single-member electoral constituencies that each looks like the nation they collectively represent? Using the case of the founding period of the United States as an illustration, and drawing from classic sources in Western political theory
650 _aPolitical History
942 _cREF
999 _c616120
_d616120